000 00769cab a2200277 4500
001 WB2811-01
008 090401t1992 xxu||||| |||| 00| 0 eng d
035 _a(Sirsi) u55563
041 _aeng
245 _aResponsibility for contractors
260 _c1992
350 _a0
490 _aEstates Gazette
_v(9209) 7 March 1992, 145(1)
520 _aLooks at "Alcock v Wraith" (1991), an example of the client being responsible for negligence by the independent contractor.
650 _aCONTRACTORS
650 _aDUTY OF CARE
650 _aEMPLOYERS
650 _aINDEPENDENT CONTRACTORS
650 _aLIABILITY
650 _aNEGLIGENCE
650 _aREROOFING
690 _aBUILT ENVIRONMENT
690 _aLAW
942 _n0
948 _c04/03/1997
999 _c33954
_d33954